| 000 | 00000nas 2200000za 4500 |
| 001 | 9.507956 |
| 003 | CaOODSP |
| 005 | 20230209151316 |
| 007 | cr ||||||||||| |
| 008 | 150406d20122013xxc|| p o||||f| |0eng|d |
| 022 | |a2368-7827 |
| 040 | |aCaOODSP|beng |
| 043 | |an-cn--- |
| 086 | 1 |aJ1-14E-PDF |
| 110 | 1 |aCanada.|bJustice Canada. |
| 245 | 10|aNational anti-drug strategy annual performance report / |cPrepared by: Youth Justice and Strategic Initiatives Section. |
| 264 | 1|aOttawa, Ontario : |bJustice Canada |
| 310 | |aAnnual |
| 362 | 1 |aBegan and ceased with 2012-2013. |
| 690 | 07|aNarcotics|2gcpds |
| 775 | 08|tStratégie nationale antidrogue - rapport annuel sur le rendement.|w(CaOODSP)9.504333 |